Southern Europe transformed : political and economic change in Greece, Italy, Portugal and Spain

Αποθηκεύτηκε σε:
Λεπτομέρειες βιβλιογραφικής εγγραφής
Κύριος συγγραφέας: Williams, Allan
Μορφή: Βιβλίο
Γλώσσα:English
Δημοσίευση: London : Harper and Row, 1984
Θέματα:
Ετικέτες: Προσθήκη ετικέτας
Δεν υπάρχουν, Καταχωρήστε ετικέτα πρώτοι!

MARC

LEADER 00000nam a2200000 i 4500
001 1/64286
008 930929s1984 eng d
020 |a 0-06-318281-5 
035 |a ΛΕΣΒΟΣb10001359  |l 10001359 
040 |a GR-MY-UA  |b gre  |e aacr 
041 0 |a eng 
082 0 |a 320.04 
100 1 |a Williams, Allan. 
245 1 0 |a Southern Europe transformed :  |b political and economic change in Greece, Italy, Portugal and Spain /  |c Allan Williams 
260 |a London :   |b Harper and Row,   |c 1984 
300 |a 295 p. 
504 |a Includes index 
651 0 |a Europe, Southern  |x Politics and government. 
651 0 |a Europe, Southern  |x Economic conditions. 
852 |a INST  |b LESVOS  |e 19930929  |h 320.04 WIL  |p 005100005347  |q 005100005347  |t BK  |y 0 
909 |a Λ  |b 005344